000 00443nam a2200169 a 4500
001 0000-8767
003 ELIB.Books
008 110520 1967
035 _a(ELIB.Books)0000-8913
082 _a221.821
_bEic
100 _aEichodt, Walther
245 _aTheology of The Old Testament
260 _bPhiladelphia: The Westminster Press
_c1967
650 _aOld Testament
942 _2ddc
_cBK
998 _cbat
_e2011-05-20
999 _c8767
_d8767